|
|
|
|
| LEADER |
00000nab#a22000007a#4500 |
| 001 |
arbauad004158 |
| 003 |
AR-BaUAD |
| 005 |
20250711110623.0 |
| 008 |
930418|||||||||###||||||b###|0###a|spa|| |
| 040 |
|
|
|a AR-BaUAD
|c AR-BaUAD
|b spa
|
| 245 |
1 |
0 |
|a Fondo Nacional de las Artes
|
| 653 |
|
|
|a CINE
|
| 653 |
|
|
|a FONDO NACIONAL DE LAS ARTES
|
| 773 |
0 |
|
|t CINE BOLETIN
|g no. 4 [oct. 1981], p. 10
|
| 942 |
|
|
|c ARTI
|
| 952 |
|
|
|0 0
|1 0
|4 0
|7 0
|9 49078
|a AR-BAuAD
|b AR-BAuAD
|d 2025-07-11
|l 0
|p AAQA004158
|r 2025-07-11 11:06:23
|w 2025-07-11
|y ARTI
|
| 990 |
|
|
|a C198
|b TD
|
| 998 |
|
|
|a AAQ
|b BIBUN76
|
| 999 |
|
|
|c 28751
|d 28751
|